000
00289nam a22001217a 4500
008
170606b xxu||||| |||| 00| 0 eng d
041
_a
eng
080
_2
2ND
_a
327
100
_a
18
101
_a
SHH
245
_a
THEORIES AND APPROACHES TO INTERNTIONAL POLITICS
_c
MORGAN
942
_2
udc
_c
BK
999
_c
16060
_d
16060